Men's Tennis Players with the Most Grand Slam Wins - Statistics

General Stats
  • This quiz has been taken 111 times
  • The average score is 15 of 19
Answer Stats
Number of Wins Country Answer % Correct
20 Switzerland Roger Federer
100%
24 Serbia Novak Djokovic
99%
22 Spain Rafael Nadal
99%
11 Sweden Bjorn Borg
93%
8 USA Andre Agassi
90%
14 USA Pete Sampras
89%
5 Spain Carlos Alcaraz
87%
7 USA John McEnroe
87%
4 Italy Jannik Sinner
85%
6 Germany Boris Becker
85%
8 Czechoslovakia Ivan Lendl
83%
8 USA Jimmy Connors
78%
5 Australia Rod Laver
74%
6 Sweden Stefan Edberg
68%
7 Sweden Mats Wilander
62%
5 Australia John Newcombe
58%
4 Argentina Guillermo Vilas
52%
4 USA Jim Courier
49%
4 Australia Ken Rosewall
44%
No matching quizzes found
Score Distribution
Percent of People with Each Score
Percentile by Number Answered
Your Score History
You have not taken this quiz